000 01097nam a2200313 i 4500
003 IT-RoINE
005 20150720071415.0
008 841113s1984 sp r 001 spa d
020 _a8422011158
040 _aIBH
_bspa
_cSpMaBN IT-RoINE
_erdc
_dIT-RoINE
041 0 _aspa
_alat
100 1 _aCollantes, Justo,
_cS.I.,
_d1915-2000
_913866
245 1 3 _aLa fe de la Iglesia católica :
_blas ideas y los hombres en los documentos doctrinales del magisterio /
_cJusto Collantes.
250 _a2ª ed.
260 _aMadrid :
_bLa Editorial Católica,
_c1984.
300 _aXXV, 907 p. ;
_c20 cm.
336 _2rdacontent
_atext
337 _2rdamedia
_aunmediated
338 _2rdacarrier
_avolume
490 1 _aHistoria salutis ;
_v21
490 1 _aBiblioteca de Autores Cristianos ;
_v158
500 _aIncluye índices.
504 _aIncluye referencias bibliográficas.
546 _aTexto en latín y español; introducciones en español.
650 4 _91325
_aTeología dogmática
830 0 _913731
_aHistoria salutis
830 0 _9843
_aBiblioteca de Autores Cristianos
942 _cMTS
999 _c9797
_d9797